01400cam a2200397 a 450000100090000000300040000900500170001300800410003001000170007101500190008801600180010702000250012503500240015004000260017404100130020004200210021304300120023405000190024608200200026510000130028524000330029824501490033126000580048030000290053849000280056750000490059550400530064454600390069760000410073665100440077765100410082165100330086270000300089570000230092583000540094815590416OSt20200601143902.0090116r20081998enkb b 001 0ceng d a 2009290354 aGBA8130082bnb7 a0145077362Uk a9780199540051 (pbk.) a(OCoLC)ocn191752404 aUKMcoclcdBTCTAdDLC1 aenghgrc aukscpalccopycat ae-gr---00aDE7b.P52 200804a920.0495bPLU/G aPlutarch10aLives.kSelections.lEnglish10aGreek lives :ba selection of nine Greek lives /cPlutarch ; translated by Robin Waterfield ; with introductions and notes by Philip A. Stadter. aOxford ;aNew York :bOxford University Press,c2008. a483 p. :bmaps ;c20 cm.1 aOxford world's classics aThis translation originally published: 1998. aIncludes bibliographical references and indexes. aTranslated from the Ancient Greek.00aPlutarchxTranslations into English. 0aGreecevBiographyvEarly works to 1800. 0aGreecexKings and rulersvBiography. 0aGreecexHistoryyTo 146 B.C.1 aWaterfield, Robin,d1952-1 aStadter, Philip A. 0aOxford world's classics (Oxford University Press)